000 00383 a2200145 4500
001 168883
020 _a
040 _cMagnum
100 _aAgencia Regional de Noticias
240 1 0 _aClipping em educacao - 07/05/01 a 13/05/01 - ano ii - nº 86
_lpor
245 1 0 _aClipping em educacao - 07/05/01 a 13/05/01 - ano ii - nº 86
362 0 _a1899
697 _aGERAL
942 _cBK
999 _c168883
_d168883